00480nam a22001577a 450000500170000001000150001702000120003203500140004403700130005808200110007124501110008226000390019327000470023230000200027970000230029920230314172630.0 aENG-136375 c300.00  aEN-119907 bDBAD/PUB a388.04 aEnterprises and Entrepreneurship: promising tools for inclusive development/cedited by Rajat Kumar Mishra aKanpurbSocial Research Foundation bKanpura128/170, H-Block, Kidwai Nagare11 a179p.c22cm(hb) aRajat Kumar Mishra